000 00264nam a2200121Ia 4500
008 140626s9999 xx 000 0 und d
245 _aCourt Report /
260 _cc2012.
300 _a57 : 9, page 99
440 _aHR Magazine
521 _aBSBA
942 _cSE
999 _c121486
_d121486